| 000 | 00462nam a2200193Ia 4500 | ||
|---|---|---|---|
| 005 | 20250423100711.0 | ||
| 008 | 250422s9999 xx 000 0 und d | ||
| 020 | _a9788121903400 | ||
| 050 | _aJF 1351 .B43/ | ||
| 100 | _aBhagwan, Vishnoo | ||
| 245 | 0 | _aPublic administration | |
| 250 | _aRev. ed. | ||
| 260 | _aNew Delhi | ||
| 260 | _bS. Chand & Company Limited | ||
| 260 | _c2012 | ||
| 300 | _a698 p | ||
| 650 | _aPublic administration | ||
| 942 | _cBK | ||
| 999 |
_c34104 _d34104 |
||